LEADER 01425nam0-2200421---450- 001 990000765810203316 005 20050222140132.0 035 $a0076581 035 $aUSA010076581 035 $a(ALEPH)000076581USA01 035 $a0076581 100 $a20011122d1992----km-y0ITAy01------ba 101 $aita 102 $aIT 105 $a00||| 200 1 $aLibri, che passione!$eselezione dei racconti presentati alla prima edizione del Premio nazionale di narrativa umoristica Ghostbuster-Accademia dei Notturni organizzato dall'AIB Emilia Romagna$fa cura di Paolo Malpezzi e Rino Pensato$gillustrazioni di Zap 210 $aBologna$cCLUEB$d[1992] 215 $a227 p.$cill.$d19 cm 225 2 $aUmor di libro$v1. 410 0$12001$aUmor di libro$v1. 606 $aNovelle e racconti italiani$z1985-1990$xAntologie 676 $a853.91408 702 0$aZAP 702 1$aPENSATO,$bRino 702 1$aMALPEZZI,$bPaolo 801 0$aIT$bsalbc$gISBD 912 $a990000765810203316 951 $aVI.3.A. 706 (XIII B 116)$b113548 LM$cXIII 959 $aBK 969 $aUMA 979 $aPATTY$b90$c20011122$lUSA01$h1736 979 $aPATTY$b90$c20011122$lUSA01$h1737 979 $aPATTY$b90$c20020128$lUSA01$h1522 979 $c20020403$lUSA01$h1724 979 $aPATRY$b90$c20040406$lUSA01$h1653 979 $aCOPAT4$b90$c20050222$lUSA01$h1401 996 $aLibri, che passione$9964569 997 $aUNISA LEADER 01150nam--2200373---450- 001 990003468270203316 005 20101116155653.0 010 $a978-88-15-13754-8 035 $a000346827 035 $aUSA01000346827 035 $a(ALEPH)000346827USA01 035 $a000346827 100 $a20101116d2010----km-y0itay50------ba 101 $aita 102 $aIT 105 $a||||||||001yy 200 1 $aAmerica religiosa, Europa laica?$eperchè il secolarismo europeo e un'eccezione$fPeter Berger, Grace Davie, Effie Fokas 210 $aBologna$cIl mulino$d2010 215 $a215 p.$d22 cm 225 2 $aSaggi$v732 410 0$12001$aSaggi$v732 606 0 $aReligione [e] Società$yEuropa [e] Stati Uniti d'America$zSec. 21.$2BNCF 676 $a306.6094 700 1$aBERGER,$bPeter L.$0119506 701 1$aFOKAS,$bEffie$0609006 702 1$aDAVIE,$bGrace 801 0$aIT$bsalbc$gISBD 912 $a990003468270203316 951 $aII.2. 5583$b226598 L.M.$cII.2.$d00284098 959 $aBK 969 $aUMA 979 $aMARTUCCIEL$b90$c20101116$lUSA01$h1556 996 $aAmerica religiosa, Europa laica$91112022 997 $aUNISA